Juguetes de madera

সংরক্ষণ করুন:
গ্রন্থ-পঞ্জীর বিবরন
প্রধান লেখক: Krafft, Hanns Peter (Author)
বিন্যাস: গ্রন্থ
ভাষা:স্প্যানিশ
প্রকাশিত: Barcelona CEAC 1993
মালা:Hobby creativo
বিষয়গুলি:
ট্যাগগুলো: ট্যাগ যুক্ত করুন
কোনো ট্যাগ নেই, প্রথমজন হিসাবে ট্যাগ করুন!

MARC

LEADER 00000nam a2200000 a 4500
001 UCY2018
003 CL-VaPUC
008 941005e19930000SP |||||||||||||||||spa|d
082 0 4 |a 745.592  |b KRA  |2 21 
100 0 |a Krafft, Hanns Peter  |e author  |9 330084 
245 1 0 |a Juguetes de madera 
300 |a 31 p 
942 |c BK 
945 |d 19941005 00:00:00  |a mfernand 
260 |a Barcelona  |b CEAC  |c 1993 
650 7 |a MANUFACTURA DE JUGUETES DE MADERA  |2 CL-VaPUC  |9 330085 
650 7 |a JUGUETES  |2 CL-VaPUC  |9 309284 
583 |a last modification  |c 19941005 00:00:00  |k Rodrigo Vera 
490 0 |a Hobby creativo 
999 |c 230545  |d 230543 
952 |0 0  |1 0  |4 0  |6 745_592000000000000_KRA_1993  |7 0  |8 A  |9 232908  |a BIBEDU  |b BIBEDU  |d 2019-11-15  |i 3192199  |o 745.592 KRA 1993  |p 3192199  |r 2019-11-15  |w 2019-11-15  |y BK  |k EPE